Teória a prax štatistického modelovania ekonomiky

Saved in:
Bibliographic Details
Format: Book
Language:Slovak
Published: Bratislava Alfa 1988
Edition:1. vyd.
Tags: Add Tag
No Tags, Be the first to tag this record!

MARC

LEADER 00000nam a2200000 4500
001 c024606
005 20250728081314.1
041 0 |a slo 
044 |a SK 
245 1 0 |a Teória a prax štatistického modelovania ekonomiky  |c A. Klas a kol., J. Četyrkin 
250 |a 1. vyd. 
264 1 |a Bratislava  |b Alfa  |c 1988 
300 |a 307 s.